=LDR 00000nam 2200000 4500 =001 NUTBA000000000002194 =005 20200210034344 =035 ##$$a 0010-061400000000137 =008 200210################g##########0#ind## =020 ##$$a 978-602-9108-11-8 =082 ##$$a 155.5 =100 ##$$a Achi TM =245 1#$$a Aku bangga menjadi gagal /$c Achi TM =250 ##$$a cet.1 =260 ##$$a Bandung :$b Media Sarana Cerdas,$c 2011 =300 ##$$a vi, 66 hlm. ; $c 14,5x21 cm. =084 ##$$a 155.5 ACH a =650 #4$$a Psikologi Remaja =504 ##$$a Bibliografi : hlm. 65 =990 ##$$a 21305348 =990 ##$$a 21305345 =990 ##$$a 21305347 =990 ##$$a 0121/BPAP-NTB/2016